000 00898nam a22002177a 4500
999 _c9904
_d9904
003 AR-CdUCM
008 190328b ||||| |||| 00| 0 eng d
020 _a9972-691-57-8
040 _aMUNICIPALIDAD PROVINCIAL DEL CUSCO
_cBIBLIOTECA MUNICIPAL DEL CUSCO
082 _a510.1 /
_bUR8
100 _aUrton, Gary
_926439
245 _aLa vida social de los números :
_bUna ontología de los números y la filosofía de la aritmética quechuas /
260 _aCuzco :
_bCentro de Estudios Regionales Andinos Bartolomé de Las Casas,
_c2003.
300 _a261 páginas ;
_c24 cm.
505 _aContenido : Lista de figuras y cuadros -- Agradecimientos -- La antropología y la filosofía de la aritmética -- Los números cardinales y sus relaciones sociales ...
650 _aMatemática
_919387
650 _aAritmética
_919777
650 _aNumeros
_921432
942 _2ddc
_cLIBROS
945 _arah